000 01431nam a22003737a 4500
003 CHAP
005 20220329141540.0
008 971013s1988 r 00010 d
010 _a70009
011 _a70981
035 _a80535
040 _cCHAP
090 _aTesis
100 0 0 _aCigarroa de Aquino, Anselmo.
_923284
245 _aEfecto de tres alturas y frecuencias de defoliación en el rendimiento y persistencia de Calopogonium caeruleum Berth en condiciones de clima tropical seco
260 _aChapingo, Méx. :
_bEl autor,
_c1988
300 _a112 h.
_b: ilus., gráfs.
502 _aTesis (M. C. Esp. en Genética) -- Colegio de Postgraduados. Centro de Genética
590 _aALEPH
_b10
_c20130110
_lUCH01
_h1409
590 _aBATCH-UPD
_b10
_c20130110
_lUCH01
_h0726
590 _aBATCH-UPD
_b10
_c20130110
_lUCH01
_h2342
590 _aBATCH-UPD
_b10
_c20130410
_lUCH01
_h0410
590 _aBATCH-UPD
_b10
_c20130914
_lUCH01
_h0819
590 _aCONVERSION
_b10
_c20130109
_lUCH01
_h1338
650 1 4 _aCalopogonium caeruleum.
_917569
650 1 4 _aLeguminosas
_xDefoliación.
_965818
650 1 4 _aLeguminosas
_xRendimiento.
_965849
650 1 4 _aPlantas
_xCrecimiento
_xAditivos.
_988804
710 0 _aColegio de Postgraduados. Chapingo, Méx. Centro de Genética.
_925083
901 _aBK
942 _cFOLL
949 _bBC
_cTES
_d-33439
_eTS1
_h21035
_i80535
_si
949 _bBC
_cTES
_d-95418
_eTS2
_fc.2
_h21036
_i80535
_si
999 _c70009
_d70009